[Event "91 Bristol Open Congress"]
[Site "Bristol, United Kingdom"]
[Date "2025.03.29"]
[Round "2.4"]
[White "Stubbs, Oliver"]
[Black "Ashworth, Michael"]
[Result "1-0"]
[WhiteElo "2275"]
[BlackElo "2133"]
[PlyCount "81"]
[GameId "2163249696093494"]
[EventDate "2025.03.28"]
[SourceVersionDate "2025.04.02"]

{[%evp 0,81,15,23,20,21,20,14,19,10,9,9,3,-5,-6,14,23,36,56,63,70,4,76,76,61,81,82,26,85,-18,58,94,97,69,38,103,56,90,120,117,120,74,112,181,92,97,159,87,156,114,145,133,129,114,139,141,152,223,131,223,223,110,409,286,318,413,473,296,421,361,422,430,455,624,683,857,1015,1029,1026,1026,1026,1026,1093,1157]} 1. d4 Nf6 2. Nf3 g6 3. Bf4 Bg7 4. e3 O-O 5. Be2 d6 6. h3 Nbd7 7. O-O c5 8. c4 cxd4 9. exd4 d5 10. c5 Ne4 11. Nc3 Nxc3 12. bxc3 Qa5 13. Qb3 e5 14. Be3 e4 15. Nd2 Nf6 16. Rab1 b6 17. Qb4 Qxb4 18. cxb4 Bd7 19. Rfc1 Ne8 20. Nb3 f5 21. g3 Bf6 22. h4 Ng7 23. Ba6 Bc8 24. Bb5 Be6 25. a4 Nh5 26. cxb6 axb6 27. a5 bxa5 28. Nc5 Bf7 29. Bc6 Rac8 30. Nd7 Rfd8 31. Nxf6+ Nxf6 32. bxa5 Rd6 33. Bb7 Rxc1+ 34. Rxc1 Rd8 35. Bg5 Rb8 36. Bxf6 Rxb7 37. Rc8+ Be8 38. Rxe8+ Kf7 39. Re7+ Rxe7 40. Bxe7 Kxe7 41. a6 1-0

[Event "91 Bristol Open Congress"]
[Site "Bristol, United Kingdom"]
[Date "2025.03.29"]
[Round "2.5"]
[White "Murawski, Jan"]
[Black "Crawford, Owen"]
[Result "0-1"]
[WhiteElo "2252"]
[BlackElo "2110"]
[PlyCount "78"]
[GameId "2163290920852114"]
[EventDate "2025.03.28"]
[SourceVersionDate "2025.04.02"]

{[%evp 0,78,17,22,12,14,40,32,32,31,23,22,23,23,20,16,13,14,14,1,0,16,16,24,16,24,23,18,-34,11,46,17,45,37,-51,16,-12,37,62,21,25,-197,-5,-131,-75,-31,-76,-69,-66,-70,-90,-66,-78,-68,-79,-78,-92,-75,-54,-58,-48,48,-31,-52,-84,-164,-201,-360,-308,-391,-321,-395,-346,-350,-372,-442,-429,-264,-631,-635,-554]} 1. d4 Nf6 2. c4 g6 3. Nc3 Bg7 4. e4 d6 5. f3 O-O 6. Be3 c5 7. d5 e6 8. Qd2 exd5 9. cxd5 a6 10. a4 Re8 11. Be2 h5 12. Bh6 Qa5 13. Ra3 Qb4 14. Bf4 Bf8 15. Qc2 Qa5 16. Bd2 Qc7 17. a5 b5 18. axb6 Qxb6 19. Na4 Qd8 20. b4 cxb4 21. Bxb4 a5 22. Bd2 Na6 23. Bb5 Bd7 24. Bxd7 Nxd7 25. Ne2 Nb4 26. Qd1 Qh4+ 27. g3 Qe7 28. Bc3 Bg7 29. O-O Ne5 30. Nb6 Ra6 31. Bxb4 Rxb6 32. Bxa5 Ra6 33. Kh1 Rea8 34. Qa4 Rxa5 35. Qxa5 Rxa5 36. Rxa5 Qb7 37. Nf4 Bh6 38. Ng2 Nxf3 39. Ra2 Nd2 0-1

[Event "91 Bristol Open Congress"]
[Site "Bristol, United Kingdom"]
[Date "2025.03.29"]
[Round "2.6"]
[White "Vaidyanathan, Adithya"]
[Black "Hill, Alistair"]
[Result "0-1"]
[WhiteElo "2133"]
[BlackElo "2225"]
[PlyCount "92"]
[GameId "2163293658259634"]
[EventDate "2025.03.28"]
[SourceVersionDate "2025.04.02"]

1. d4 Nf6 2. Nf3 g6 3. c4 Bg7 4. Nc3 d5 5. cxd5 Nxd5 6. e4 Nxc3 7. bxc3 c5 8. Be3 Bg4 9. Bb5+ Nc6 10. O-O O-O 11. d5 Ne5 12. Bxc5 Nxf3+ 13. gxf3 Bh3 14. Re1 Bxc3 15. Rc1 Bxe1 16. Qxe1 Rc8 17. Qd2 Bd7 18. Bd3 b6 19. Bb4 Rxc1+ 20. Qxc1 Re8 21. e5 a5 22. Bc3 e6 23. d6 Qc8 24. Qb2 Qb7 25. Kg2 Bc6 26. Qe2 Ra8 27. Bd2 b5 28. Bg5 Qb8 29. Bf6 b4 30. Qc2 Qb7 31. Be2 Qc8 32. Kg3 a4 33. Qb2 Rb8 34. h4 b3 35. a3 Bd7 36. Bd3 Rb6 37. Qd4 Qb8 38. Qb2 Rc6 39. Be4 Rc4 40. Bd3 Rc5 41. h5 Qc8 42. Qd2 Qe8 43. Be7 Rd5 44. Qg5 Rxd3 45. Qf6 Qa8 46. h6 Rxf3+ 0-1

[Event "91 Bristol Open Congress"]
[Site "Bristol, United Kingdom"]
[Date "2025.03.29"]
[Round "2.7"]
[White "Saunders, Aron"]
[Black "Meek, Stephen"]
[Result "1-0"]
[WhiteElo "2198"]
[BlackElo "2094"]
[PlyCount "52"]
[GameId "2163296186857268"]
[EventDate "2025.03.28"]
[SourceVersionDate "2025.04.02"]

1. e4 c6 2. d4 d5 3. e5 c5 4. dxc5 e6 5. a3 Nc6 6. Nf3 Bxc5 7. b4 Bb6 8. Bb2 Nge7 9. Bd3 Ng6 10. O-O Nf4 11. Re1 Nxd3 12. Qxd3 O-O 13. Nbd2 f6 14. exf6 gxf6 15. c4 dxc4 16. Qxc4 Qe7 17. Rad1 Qf7 18. Ne4 Bd8 19. Rxd8 Rxd8 20. Nxf6+ Kf8 21. Ng5 Qg6 22. Nfxh7+ Ke8 23. h4 Rd6 24. Qf4 e5 25. Bxe5 Nxe5 26. Qxe5+ Kd7 1-0

[Event "91 Bristol Open Congress"]
[Site "Bristol, United Kingdom"]
[Date "2025.03.29"]
[Round "2.8"]
[White "Davis, Colin"]
[Black "Payne, Matthew"]
[Result "0-1"]
[WhiteElo "2101"]
[BlackElo "2176"]
[PlyCount "142"]
[GameId "2163297514166640"]
[EventDate "2025.03.28"]
[SourceVersionDate "2025.04.02"]

{[%evp 0,139,15,-9,-36,-1,-3,-8,13,11,14,5,12,-1,-16,-3,-3,-11,-11,-23,-6,-32,-20,-121,30,-14,-7,44,-5,8,-2,-47,-50,-57,-79,-96,-134,-99,-102,-85,-248,-102,-109,-96,-105,-101,-107,-155,-97,-107,-26,-114,-107,-111,-102,-91,-1,-103,-8,-79,-67,-93,-67,-110,-69,-103,-127,-126,-149,-125,-167,-194,-220,-21,-216,-296,-296,-333,-335,-334,-245,-344,-388,-393,-244,-233,-212,-265,-145,1,-118,-1,-95,-1,-162,-177,-103,-178,-180,-175,-178,-129,-104,-98,-98,-195,-157,-183,-161,-170,-150,-163,-166,-173,-160,-169,-162,-173,-184,-173,-132,-256,-254,-269,-235,-265,-231,-334,-349,-373,-357,-454,-434,-447,-411,-517,-516,-564,-982,-992,-1011,-1012]} 1. d3 Nf6 2. e4 e5 3. g3 g6 4. Bg2 Bg7 5. Ne2 c6 6. O-O O-O 7. d4 d6 8. c3 Re8 9. Qc2 Na6 10. h3 exd4 11. cxd4 c5 12. dxc5 Nxc5 13. Nbc3 Bd7 14. Bg5 Rc8 15. Qd2 Bc6 16. Rad1 Bxe4 17. Nxe4 Ncxe4 18. Bxe4 Nxe4 19. Bxd8 Nxd2 20. Rxd2 Rexd8 21. Rfd1 d5 22. Kf1 Rc5 23. b3 Kf8 24. g4 Ke7 25. f4 Rd6 26. Kf2 Kd7 27. Ng3 Bf8 28. Ne2 Be7 29. g5 f5 30. Nc1 Bf8 31. b4 Rc4 32. Nd3 Bg7 33. Ne5+ Bxe5 34. fxe5 Ra6 35. b5 Ra3 36. Rxd5+ Ke6 37. R1d2 Rxh3 38. b6 axb6 39. Kg2 Rhc3 40. Rd6+ Kxe5 41. Rxb6 Rc2 42. Rxc2 Rxc2+ 43. Kf3 Rxa2 44. Rb5+ Ke6 45. Rb6+ Kd5 46. Rxb7 Ra3+ 47. Kf4 Ra4+ 48. Kf3 Rg4 49. Rxh7 Rxg5 50. Re7 Rg4 51. Re8 Re4 52. Rd8+ Ke6 53. Re8+ Kf6 54. Rf8+ Kg7 55. Ra8 Re7 56. Kf4 Kf6 57. Rf8+ Rf7 58. Ra8 g5+ 59. Kf3 Re7 60. Ra5 g4+ 61. Kf4 Re4+ 62. Kg3 Kg5 63. Kf2 Kf4 64. Ra3 g3+ 65. Kg2 Re2+ 66. Kf1 Rf2+ 67. Kg1 Kg4 68. Rb3 f4 69. Rb8 Ra2 70. Rb4 Kh3 71. Rb1 f3 0-1

[Event "91 Bristol Open Congress"]
[Site "Bristol, United Kingdom"]
[Date "2025.03.29"]
[Round "2.10"]
[White "Kendall, Arthur"]
[Black "Liu, Jack"]
[Result "0-1"]
[WhiteElo "1862"]
[BlackElo "2285"]
[PlyCount "67"]
[GameId "2163330890043153"]
[EventDate "2025.03.28"]
[SourceVersionDate "2025.04.02"]

1. c4 e5 2. Nc3 Nf6 3. Nf3 Nc6 4. e3 Bb4 5. Qc2 Bxc3 6. bxc3 e4 7. Ng5 Qe7 8. f3 exf3 9. Nxf3 O-O 10. Be2 d6 11. O-O Re8 12. d4 Bg4 13. Bd3 Bh5 14. Nh4 Bg6 15. Nxg6 hxg6 16. Bd2 Ne4 17. Rf3 Nd8 18. Raf1 c5 19. Bc1 f5 20. d5 Nf7 21. Rf4 Nf6 22. Qf2 Ne5 23. Bc2 Neg4 24. Qf3 Qe5 25. Qh3 Qxc3 26. Bb1 a6 27. Qh4 Nxe3 28. Qh3 Qe5 29. Rh4 Nxf1 30. Rh8+ Kf7 31. Qb3 Rxh8 32. Bb2 Qe3+ 33. Kxf1 Qxb3 34. axb3 0-1

[Event "91 Bristol Open Congress"]
[Site "Bristol, United Kingdom"]
[Date "2025.03.29"]
[Round "2.11"]
[White "Fathallah, Joe"]
[Black "Hanache, Kai"]
[Result "0-1"]
[WhiteElo "2004"]
[BlackElo "2266"]
[PlyCount "42"]
[GameId "2163332038295319"]
[EventDate "2025.03.28"]
[SourceVersionDate "2025.04.02"]

1. d4 Nf6 2. c4 g6 3. Nc3 d5 4. Nf3 Bg7 5. Qb3 dxc4 6. Qxc4 Nc6 7. e4 O-O 8. Be3 Ng4 9. O-O-O Nxe3 10. fxe3 Bh6 11. Be2 Bxe3+ 12. Kb1 Qd6 13. h4 h5 14. Ng5 Bxg5 15. hxg5 Qg3 16. Bxh5 gxh5 17. Rxh5 Bg4 18. Ne2 Qxg2 19. Nf4 Qxe4+ 20. Ka1 Bxd1 21. Rh4 Nxd4 0-1

[Event "91 Bristol Open Congress"]
[Site "Bristol, United Kingdom"]
[Date "2025.03.29"]
[Round "2.12"]
[White "Ogunshola, Ben"]
[Black "Smith, Ryan"]
[Result "1-0"]
[WhiteElo "2215"]
[BlackElo "1916"]
[PlyCount "43"]
[GameId "2163332893368093"]
[EventDate "2025.03.28"]
[SourceVersionDate "2025.04.02"]

1. c4 f5 2. g3 Nf6 3. Bg2 g6 4. Nc3 Bg7 5. d3 O-O 6. e4 fxe4 7. dxe4 e5 8. h3 d6 9. Be3 Qe7 10. Qd2 Be6 11. b3 Nc6 12. Nf3 Nd4 13. Nxd4 exd4 14. Bxd4 c5 15. Be3 Rad8 16. O-O Nd7 17. f4 Nb8 18. Rae1 Nc6 19. Kh2 Nd4 20. Ne2 Nxe2 21. Rxe2 a6 22. f5 1-0

[Event "91 Bristol Open Congress"]
[Site "Bristol, United Kingdom"]
[Date "2025.03.29"]
[Round "2.13"]
[White "Damodaran, Patrick"]
[Black "Moyse, Nigel"]
[Result "1-0"]
[WhiteElo "2191"]
[BlackElo "1955"]
[PlyCount "35"]
[GameId "2163625283146662"]
[EventDate "2025.03.28"]
[SourceVersionDate "2025.04.02"]

{[%evp 0,35,11,27,22,3,15,18,13,51,22,27,15,-10,7,-12,-12,-22,-30,-30,58,81,118,120,141,168,232,171,201,176,305,262,256,282,241,279,445,370]} 1. d4 d5 2. c4 c6 3. Nc3 Nf6 4. Nf3 dxc4 5. e4 b5 6. Qc2 Bb7 7. Bg5 Nbd7 8. Be2 h6 9. Bh4 Qb6 10. e5 g5 11. Bg3 Nd5 12. e6 fxe6 13. Qg6+ Kd8 14. Ne5 Qxd4 15. Nf7+ Kc8 16. Nxh8 Nf4 17. Bxf4 gxf4 18. Rd1 1-0

[Event "91 Bristol Open Congress"]
[Site "Bristol, United Kingdom"]
[Date "2025.03.29"]
[Round "2.14"]
[White "Udovenko, Daniel Alexander"]
[Black "Sommerbauer-Cornell, Ben"]
[Result "1-0"]
[WhiteElo "2138"]
[BlackElo "1954"]
[PlyCount "109"]
[GameId "2163606968861118"]
[EventDate "2025.03.28"]
[SourceVersionDate "2025.04.02"]

1. d4 Nf6 2. c4 e6 3. Bf4 d5 4. cxd5 exd5 5. e3 c6 6. Bd3 Be7 7. Nc3 Nbd7 8. h3 Nf8 9. Nf3 Ng6 10. Bh2 Qa5 11. O-O O-O 12. a3 Qd8 13. b4 b6 14. Ne5 Bd6 15. Qb3 Ne7 16. Rac1 Bb7 17. Na4 Rb8 18. Rc2 Nd7 19. Rfc1 b5 20. Nc5 Nxc5 21. bxc5 Bc7 22. f4 Bc8 23. g4 f6 24. Nf3 f5 25. Rg2 Kh8 26. Kh1 Ng6 27. Bb1 Nh4 28. Nxh4 Qxh4 29. Rcg1 Qe7 30. gxf5 Bxf5 31. Bxf5 Rxf5 32. Rxg7 Qxg7 33. Rxg7 Kxg7 34. e4 dxe4 35. Qe6 Rbf8 36. Qxe4 Bxf4 37. Qxc6 Bxh2 38. Kxh2 R8f6 39. Qb7+ Kh6 40. Qe4 Rf2+ 41. Kg3 Rf1 42. Qe3+ Kg7 43. d5 Rg6+ 44. Kh2 Rgf6 45. c6 R6f3 46. Qd4+ Kf7 47. c7 Rc1 48. d6 Rc2+ 49. Kg1 Rfc3 50. d7 Rc1+ 51. Kg2 R3c2+ 52. Qf2+ Rxf2+ 53. Kxf2 Rxc7 54. d8=Q Rc2+ 55. Ke1 1-0

[Event "91 Bristol Open Congress"]
[Site "Bristol, United Kingdom"]
[Date "2025.03.29"]
[Round "2.15"]
[White "Beaumont, Chris"]
[Black "Ashworth, Robert"]
[Result "1-0"]
[WhiteElo "2134"]
[BlackElo "1945"]
[PlyCount "59"]
[GameId "2163622414209476"]
[EventDate "2025.03.28"]
[SourceVersionDate "2025.04.02"]

1. c4 e6 2. g3 d5 3. Nf3 Nf6 4. Bg2 Be7 5. O-O O-O 6. d4 c6 7. Qc2 b6 8. Nbd2 Bb7 9. Rd1 c5 10. dxc5 Bxc5 11. Nb3 Bd6 12. Nbd4 Nbd7 13. Nb5 Bc5 14. Bf4 Qe7 15. Nfd4 g6 16. Nb3 e5 17. Nxc5 Nxc5 18. Bg5 d4 19. Bxb7 Nxb7 20. Qd3 Nd6 21. Qf3 Kg7 22. Qxf6+ Qxf6 23. Bxf6+ Kxf6 24. Nxd6 Ke6 25. Nb5 Rfc8 26. Rac1 a6 27. Na3 Rc6 28. e3 Rd8 29. exd4 exd4 30. Rd3 1-0

[Event "91 Bristol Open Congress"]
[Site "Bristol, United Kingdom"]
[Date "2025.03.29"]
[Round "2.16"]
[White "Quaite, Toby"]
[Black "Thomas, James"]
[Result "0-1"]
[WhiteElo "2120"]
[BlackElo "1922"]
[PlyCount "72"]
[GameId "2163627185730477"]
[EventDate "2025.03.28"]
[SourceVersionDate "2025.04.02"]

1. c4 Nf6 2. Nc3 g6 3. d4 Bg7 4. e4 d6 5. Nf3 O-O 6. Be2 e5 7. dxe5 dxe5 8. Qxd8 Rxd8 9. Bg5 c6 10. Nxe5 Re8 11. f4 h6 12. Bh4 g5 13. fxg5 hxg5 14. Bg3 Nxe4 15. Nxe4 Bxe5 16. Bxe5 Rxe5 17. Rd1 Na6 18. Rd8+ Kg7 19. Ng3 f5 20. O-O f4 21. Nh5+ Kg6 22. Bd3+ Kf7 23. g3 Ke7 24. Rh8 fxg3 25. Rff8 Bh3 26. Nxg3 Rxf8 27. Rxh3 Nc5 28. Bg6 Re1+ 29. Kg2 Ne6 30. Rh7+ Kf6 31. Bf5 Rf7 32. Rh6+ Ke7 33. Kf3 Re5 34. Kg4 Nd4 35. Bc8 Kd8 36. Rh8+ Kc7 0-1

[Event "91 Bristol Open Congress"]
[Site "Bristol, United Kingdom"]
[Date "2025.03.29"]
[Round "2.17"]
[White "Wastney, Dylan"]
[Black "Perrin, Brent"]
[Result "1-0"]
[WhiteElo "2117"]
[BlackElo "1918"]
[PlyCount "119"]
[GameId "2165509174063688"]
[EventDate "2025.03.28"]
[SourceVersionDate "2025.04.02"]

{[%evp 0,119,11,19,41,35,34,63,47,48,45,44,65,82,78,45,55,62,61,44,44,39,46,43,45,74,44,81,44,46,61,62,88,64,73,74,50,55,38,48,-6,50,73,50,53,25,20,20,36,0,33,53,27,1,-9,-13,0,-8,13,-13,8,6,29,49,-3,18,1,2,-4,-6,26,48,4,-1,-36,-1,-21,-79,-135,-11,-116,-4,-1,-5,81,-55,113,93,50,52,110,118,102,138,118,112,108,104,215,9,142,109,202,168,169,133,96,141,84,114,86,134,62,250,250,0,0,1,1,1,1884,1944]} 1. e4 d5 2. exd5 Qxd5 3. Nc3 Qd8 4. d4 Nf6 5. Nf3 Bg4 6. h3 Bxf3 7. Qxf3 c6 8. Be3 e6 9. Bc4 Nbd7 10. Rd1 Bd6 11. O-O O-O 12. Bg5 Qa5 13. Bh4 Rfe8 14. Rfe1 Rac8 15. a3 b5 16. Bd3 Qc7 17. Ne4 Nxe4 18. Qxe4 g6 19. Qf3 Nb6 20. Bg5 Nd5 21. h4 Bf4 22. Be4 Bxg5 23. hxg5 Qe7 24. Qg3 Qc7 25. Qh4 Qf4 26. g3 Qxh4 27. gxh4 a5 28. c3 a4 29. Kg2 Red8 30. Kg3 c5 31. dxc5 Rxc5 32. Rd4 Kf8 33. h5 Ke7 34. Red1 Rd7 35. f4 Nb6 36. Rxd7+ Nxd7 37. hxg6 hxg6 38. Rd4 e5 39. fxe5 Nxe5 40. Bd5 Nc4 41. Bxc4 Rxc4 42. Rd5 f5 43. gxf6+ Kxf6 44. Rxb5 Rc8 45. Rb4 Ra8 46. Kf4 Ra5 47. Rb6+ Kf7 48. c4 Kg7 49. Rb5 Ra8 50. Kg5 Rc8 51. Rb7+ Kf8 52. Rb4 Ra8 53. Kxg6 Ke7 54. Kf5 Kd6 55. Ke4 Kc5 56. Kd3 Ra5 57. Rb5+ Rxb5 58. cxb5 Kxb5 59. Kd4 Kb6 60. Kc4 1-0

[Event "91 Bristol Open Congress"]
[Site "Bristol, United Kingdom"]
[Date "2025.03.29"]
[Round "2.18"]
[White "Maton, Emily"]
[Black "Shivakumar, Akshath"]
[Result "1-0"]
[WhiteElo "2049"]
[BlackElo "1912"]
[PlyCount "133"]
[GameId "2165531395651565"]
[EventDate "2025.03.28"]
[SourceVersionDate "2025.04.02"]

1. d4 e6 2. Nf3 f5 3. c4 Nf6 4. g3 Be7 5. Bg2 O-O 6. Nc3 d6 7. O-O Ne4 8. Qc2 Nxc3 9. bxc3 Nc6 10. e4 e5 11. Rd1 Qe8 12. c5 f4 13. cxd6 cxd6 14. Bb2 Bg4 15. Rf1 Qh5 16. Qb3+ Kh8 17. c4 b6 18. dxe5 Nxe5 19. Nxe5 dxe5 20. Qc3 Bd6 21. a4 a5 22. c5 bxc5 23. f3 Bh3 24. Rad1 Bb8 25. g4 Qh4 26. Rd7 Bxg2 27. Kxg2 Rc8 28. Qc4 Qf6 29. Qd5 Ra6 30. Rd1 Re6 31. Qxe6 Qxe6 32. Rd8+ Qe8 33. Rxe8+ Rxe8 34. Bc3 Bc7 35. Rd5 c4 36. Rc5 Bb6 37. Rxc4 Kg8 38. Rc6 Bd4 39. Bxd4 exd4 40. Rd6 Rc8 41. Rxd4 Rc2+ 42. Kf1 Rxh2 43. Rd5 Ra2 44. Rxa5 Kf7 45. Ra7+ Kf6 46. a5 h6 47. a6 Ke5 48. Rxg7 Rxa6 49. Rd7 Ra2 50. Rd5+ Ke6 51. Rf5 Rb2 52. Rxf4 Ke5 53. Rf8 Kd4 54. Ke1 Ke3 55. Kd1 Kd4 56. Rf6 Rb3 57. Kc2 Ra3 58. Rd6+ Ke3 59. Rxh6 Kxf3 60. Rh3+ Kxe4 61. Rxa3 Kf4 62. Ra4+ Kg5 63. Kd3 Kh4 64. Ke3 Kg5 65. Kf3 Kh4 66. Ra5 Kh3 67. Rh5# 1-0

[Event "91 Bristol Open Congress"]
[Site "Bristol, United Kingdom"]
[Date "2025.03.29"]
[Round "2.19"]
[White "Norris, Zack"]
[Black "Bevis, Noah"]
[Result "0-1"]
[WhiteElo "2086"]
[BlackElo "1856"]
[PlyCount "148"]
[GameId "2165533944936440"]
[EventDate "2025.03.28"]
[SourceVersionDate "2025.04.02"]

1. c4 Nf6 2. Nc3 g6 3. g3 Bg7 4. Bg2 O-O 5. e3 d6 6. Nge2 e5 7. O-O Re8 8. d3 Nc6 9. Rb1 Ne7 10. e4 Nd7 11. f4 f5 12. Be3 fxe4 13. dxe4 Nf6 14. h3 exf4 15. Bxf4 Nh5 16. Be3 Nc6 17. Qd2 Ne5 18. b3 Nf6 19. Bg5 Nf7 20. Bxf6 Bxf6 21. Qf4 Kg7 22. Qxf6+ Qxf6 23. Rxf6 Kxf6 24. Nd5+ Ke5 25. Nxc7 Bd7 26. Nxa8 Rxa8 27. Rd1 Bc6 28. Nc3 Ng5 29. b4 b6 30. Kf2 Rc8 31. Ke3 Ba8 32. Kd3 Rf8 33. h4 Rf2 34. Bh1 Nh3 35. Rb1 g5 36. hxg5 Rh2 37. Ke3 Rc2 38. Rb3 Nxg5 39. Bf3 a6 40. a4 Nxf3 41. Kxf3 Kd4 42. Nd1 Kxc4 43. Rb1 Kd4 44. Nf2 Ra2 45. Rd1+ Ke5 46. Rh1 Bxe4+ 47. Nxe4 Ra3+ 48. Nc3 Rxc3+ 49. Kg2 Rc7 50. Re1+ Kd5 51. Rd1+ Ke6 52. Re1+ Kd7 53. Rh1 Kc8 54. Rd1 Rd7 55. Kf3 Kc7 56. Rc1+ Kb7 57. Rd1 Kc6 58. Ke4 Re7+ 59. Kd4 Rg7 60. Rd3 Rg4+ 61. Kc3 a5 62. b5+ Kc5 63. Kb3 d5 64. Rc3+ Rc4 65. Rf3 Rb4+ 66. Ka3 d4 67. Rf8 d3 68. Rc8+ Kd4 69. Rd8+ Kc3 70. Rc8+ Rc4 71. Rf8 d2 72. Rf2 d1=Q 73. Rc2+ Qxc2 74. g4 Qb3# 0-1

[Event "91 Bristol Open Congress"]
[Site "Bristol, United Kingdom"]
[Date "2025.03.29"]
[Round "2.20"]
[White "Lesniowski, Paul"]
[Black "White, Stuart"]
[Result "0-1"]
[WhiteElo "1970"]
[BlackElo "2124"]
[PlyCount "78"]
[GameId "2165537458804867"]
[EventDate "2025.03.28"]
[SourceVersionDate "2025.04.02"]

1. e4 c5 2. c3 d5 3. exd5 Qxd5 4. d4 Nc6 5. Nf3 Bg4 6. Be2 cxd4 7. cxd4 e6 8. O-O Qa5 9. Nbd2 Nf6 10. Nc4 Qc7 11. Nce5 Bd6 12. Bg5 Bxf3 13. Bxf3 Bxe5 14. dxe5 Qxe5 15. Qc1 O-O 16. Re1 Qf5 17. Be3 Rac8 18. Qc5 Ne5 19. Qxa7 Nxf3+ 20. gxf3 Qxf3 21. Qa4 Nd5 22. Bd2 Qd3 23. Qd1 Rc2 24. Be3 Qf5 25. Qd4 Nxe3 26. Qxe3 Rxb2 27. Rec1 h6 28. Rc5 Rb1+ 29. Rxb1 Qxb1+ 30. Kg2 Qxa2 31. Rb5 Qa6 32. Qb3 Qc6+ 33. Kg1 Ra8 34. f3 Qc1+ 35. Kg2 Ra1 36. Rxb7 Qg5+ 37. Kh3 Rg1 38. Rb8+ Kh7 39. Qd3+ f5 0-1

[Event "91 Bristol Open Congress"]
[Site "Bristol, United Kingdom"]
[Date "2025.03.29"]
[Round "2.21"]
[White "Moore, Gerald"]
[Black "Freeman, Richard"]
[Result "1/2-1/2"]
[WhiteElo "2063"]
[BlackElo "1965"]
[PlyCount "45"]
[GameId "2165557370296943"]
[EventDate "2025.03.28"]
[SourceVersionDate "2025.04.02"]

1. c4 g6 2. d4 Bg7 3. e4 d6 4. Nc3 e5 5. Nf3 Bg4 6. d5 Ne7 7. Be2 O-O 8. O-O Bxf3 9. Bxf3 f5 10. Bd2 Nd7 11. b4 Nf6 12. Rc1 Qe8 13. c5 Qd7 14. Qb3 Kh8 15. cxd6 cxd6 16. Bg5 Neg8 17. Qc4 h6 18. Bxf6 Nxf6 19. Qd3 f4 20. Be2 g5 21. f3 Rfc8 22. Rc2 Ne8 23. Rfc1 1/2-1/2

[Event "91 Bristol Open Congress"]
[Site "Bristol, United Kingdom"]
[Date "2025.03.29"]
[Round "2.22"]
[White "Miller, George"]
[Black "Pick, Freddie"]
[Result "1/2-1/2"]
[WhiteElo "1951"]
[BlackElo "2055"]
[PlyCount "55"]
[GameId "2165558291925622"]
[EventDate "2025.03.28"]
[SourceVersionDate "2025.04.02"]

{[%evp 0,55,17,22,12,8,36,7,6,5,2,5,3,36,14,21,12,23,20,6,-1,-4,-27,5,14,-12,12,-28,-11,8,24,13,-47,4,-57,30,65,200,81,129,103,89,103,117,117,109,10,99,152,154,152,152,149,101,90,39,37,37]} 1. d4 Nf6 2. Nf3 g6 3. b3 Bg7 4. Bb2 O-O 5. e3 d5 6. c4 c6 7. Be2 Bf5 8. O-O Nbd7 9. cxd5 cxd5 10. Nh4 Bxb1 11. Qxb1 Ne4 12. Qd3 Rc8 13. Rfc1 Ndc5 14. Qd1 Qd7 15. Rc2 Na6 16. Bxa6 bxa6 17. Rac1 e6 18. Ba3 Rfe8 19. Nf3 Bf8 20. Bxf8 Rxf8 21. Ne5 Qb7 22. Nd3 Rxc2 23. Qxc2 Nd6 24. Qc6 Qb5 25. Qxb5 axb5 26. Rc7 Rc8 27. Rxc8+ Nxc8 28. Kf1 1/2-1/2

[Event "91 Bristol Open Congress"]
[Site "Bristol, United Kingdom"]
[Date "2025.03.29"]
[Round "2.23"]
[White "Guilfoyle, John"]
[Black "Baer, Bruce"]
[Result "1/2-1/2"]
[WhiteElo "1922"]
[BlackElo "2037"]
[PlyCount "133"]
[GameId "2162149855764987"]
[EventDate "2025.03.28"]
[SourceVersionDate "2025.04.02"]

1. d4 g6 2. e4 Bg7 3. Nf3 d6 4. h3 Nf6 5. Nc3 O-O 6. Bc4 Nxe4 7. Be3 Nxc3 8. bxc3 Nc6 9. O-O e5 10. dxe5 Nxe5 11. Nxe5 dxe5 12. Qf3 Qf6 13. Qe2 Be6 14. Rfd1 Rfd8 15. a4 a5 16. Rab1 b6 17. Bb5 Bf8 18. c4 Rxd1+ 19. Rxd1 Rd8 20. Rxd8 Qxd8 21. g4 Qa8 22. c5 bxc5 23. Bd2 Bd6 24. Bc4 Bxc4 25. Qxc4 Qf3 26. Qc3 Qd1+ 27. Kg2 h5 28. gxh5 Qxh5 29. Qxa5 Qe2 30. Qa8+ Kg7 31. Qd5 Qa6 32. a5 f6 33. c4 g5 34. Qe4 Be7 35. h4 gxh4 36. Qxh4 Qb7+ 37. Kh2 Kf7 38. Qh7+ Ke8 39. Qg8+ Kd7 40. Qg4+ Kd6 41. Qf5 Qb2 42. Be3 Qa3 43. a6 Qxa6 44. Qd3+ Kc6 45. Qd5+ Kb6 46. Qe6+ Bd6 47. Qg8 Qb7 48. Qe8 c6 49. Qd8+ Qc7 50. Qxf6 Qh7+ 51. Kg2 Qe4+ 52. Kg3 Bc7 53. Qf7 Qh1 54. Bxc5+ Kxc5 55. Qxc7 Qe4 56. f3 Qf4+ 57. Kg2 Qd2+ 58. Kg3 Qd6 59. Qa5+ Kxc4 60. Qa2+ Kb5 61. Qb3+ Qb4 62. Qe3 Qd4 63. Qb3+ Kc5 64. Qa3+ Kd5 65. Qb3+ Qc4 66. Qb7 Qf4+ 67. Kg2 1/2-1/2

[Event "91 Bristol Open Congress"]
[Site "Bristol, United Kingdom"]
[Date "2025.03.29"]
[Round "2.24"]
[White "Gillings, Matt"]
[Black "Hu, Junyan"]
[Result "1/2-1/2"]
[WhiteElo "2024"]
[BlackElo "1934"]
[PlyCount "127"]
[GameId "2165560328438209"]
[EventDate "2025.03.28"]
[SourceVersionDate "2025.04.02"]

1. c4 Nf6 2. Nc3 e6 3. g3 d5 4. Bg2 dxc4 5. Qa4+ c6 6. Qxc4 Be7 7. Nf3 b5 8. Qb3 Bb7 9. O-O Nbd7 10. d4 a6 11. Bg5 O-O 12. Rfd1 c5 13. dxc5 Qc7 14. Rxd7 Qxd7 15. Ne5 Qc7 16. c6 Qxe5 17. cxb7 Rad8 18. Bf4 Qc5 19. b8=Q Rxb8 20. Bxb8 Rxb8 21. Rd1 Qc7 22. h4 g6 23. Ne4 h5 24. Ng5 Qc4 25. Qxc4 bxc4 26. Rd2 a5 27. e3 a4 28. Bf1 a3 29. bxa3 c3 30. Rc2 Rc8 31. e4 Bxa3 32. Bd3 Bb2 33. Kf1 Nd7 34. Re2 Ne5 35. Bc2 Nc6 36. Nf3 e5 37. Ke1 Kg7 38. Bb3 f6 39. Kd1 Kh6 40. Kc2 g5 41. Kb1 g4 42. Ne1 Nd4 43. Rxb2 cxb2 44. Kxb2 Kg6 45. Nd3 Nf3 46. Nb4 Rd8 47. Nd5 Nd2 48. Bc2 Nf3 49. a4 Nd4 50. Bd3 Rb8+ 51. Ka2 Nc6 52. Bb5 Na7 53. Ne7+ Kf7 54. Nc6 Nxc6 55. Bxc6 Ke7 56. Bd5 Kd6 57. Bf7 Rh8 58. Kb3 Kc5 59. Kc3 Rh7 60. Bg6 Rh6 61. Bf7 Rh7 62. Bg6 Rh6 63. Bf7 Rh7 64. Bg6 1/2-1/2

[Event "91 Bristol Open Congress"]
[Site "Bristol, United Kingdom"]
[Date "2025.03.29"]
[Round "2.25"]
[White "Mize, Dylan"]
[Black "Billings, Alex"]
[Result "0-1"]
[WhiteElo "1906"]
[BlackElo "2023"]
[PlyCount "24"]
[GameId "2165564814482266"]
[EventDate "2025.03.28"]
[SourceVersionDate "2025.04.02"]

{[%evp 0,24,11,27,35,32,37,20,35,32,28,17,21,28,16,19,45,25,85,41,24,23,33,-1,37,-243,-227]} 1. d4 f5 2. Bg5 Nf6 3. Nc3 d5 4. e3 e6 5. h4 c6 6. h5 Nbd7 7. h6 g6 8. Nf3 Qb6 9. Na4 Qa5+ 10. c3 Ne4 11. a3 b5 12. b4 Qxa4 0-1